Les handballeurs français médaillés au J0 2008 - Statistiques

Statistiques générales
  • Ce quiz a été pris 42 fois
  • Le résultat moyen est 9 sur 16
Statistiques - réponses
Hint Réponse % Correct
DC Nikola Karabatic
97%
GB Thierry Omeyer
94%
AilD Luc Abalo
86%
AilG Mickael Guigou
86%
AG Daniel Narcisse
75%
P Bertrand Gille
69%
DC Guillaume Gille
69%
Entraineur Claude Onesta
67%
AG Jérôme Fernandez
61%
P Didier Dinard
53%
GB Daouda Karaboué
47%
AD Joel Abati
36%
AilG Olivier Girault
31%
P Christophe Kempé
19%
AD Cédric Burdet
17%
AilD Cédric Paty
17%
Aucun quiz correspondant
Distribution des résultats
% des personnes avec chaque résultat
Percentile par nombre de réponses
Votre historique - résultats
Vous n’avez pas pris ce quiz